Textbook of pediatrics : pocket companion
A convenient quick reference when there is little opportunity to refer to a full-sized pediatric textbook. The handbook enables the reader to access important basic clinical information on medical and surgical problems in children.
Đã lưu trong:
| Tác giả chính: | |
|---|---|
| Định dạng: | Sách |
| Ngôn ngữ: | Undetermined |
| Được phát hành: |
Philadelphia
W.B. Saunders
1993
|
| Những chủ đề: | |
| Các nhãn: |
Thêm thẻ
Không có thẻ, Là người đầu tiên thẻ bản ghi này!
|
| Thư viện lưu trữ: | Trung tâm Học liệu Trường Đại học Cần Thơ |
|---|
| LEADER | 00868nam a2200217Ia 4500 | ||
|---|---|---|---|
| 001 | CTU_187129 | ||
| 008 | 210402s9999 xx 000 0 und d | ||
| 082 | |a 618.92 | ||
| 082 | |b B421 | ||
| 100 | |a Behrman, Richard E. | ||
| 245 | 0 | |a Textbook of pediatrics : | |
| 245 | 0 | |b pocket companion | |
| 245 | 0 | |c Richard E. Behrman, Kenneth H. Webb | |
| 260 | |a Philadelphia | ||
| 260 | |b W.B. Saunders | ||
| 260 | |c 1993 | ||
| 520 | |a A convenient quick reference when there is little opportunity to refer to a full-sized pediatric textbook. The handbook enables the reader to access important basic clinical information on medical and surgical problems in children. | ||
| 650 | |a Pediatrics,Nhi khoa | ||
| 650 | |x Handbooks, manuals, etc.,Sổ tay, hướng dẫn sử dụng, vv | ||
| 910 | |a Hải | ||
| 980 | |a Trung tâm Học liệu Trường Đại học Cần Thơ | ||